|
|
|
|
| LEADER |
00892nam a2200241 a 4500 |
| 001 |
1053 |
| 003 |
BD-DhAAL |
| 005 |
20150908100554.0 |
| 008 |
150908s1988 ii b 001 0 eng d |
| 040 |
|
|
|a NNCU:A
|b eng
|c NNCU:A
|d BD-DhAAL
|
| 050 |
|
4 |
|a DS341
|b .P37 1988
|
| 082 |
0 |
4 |
|a 320.954
|2 20
|
| 100 |
1 |
|
|a Parmanand,
|d 1949-
|9 14470
|
| 245 |
1 |
0 |
|a Political development in South Asia /
|c Dr. Parmanand.
|
| 260 |
|
|
|a New Delhi :
|a Dhaka :
|b Sterling,
|b Academic Publishers,
|c c1988.
|
| 300 |
|
|
|a viii, 288 p. ;
|c 23 cm.
|
| 504 |
|
|
|a Bibliography: p. [258]-279.
|
| 504 |
|
|
|a Includes bibliographical references and index.
|
| 541 |
|
|
|e 1053
|
| 651 |
|
0 |
|a South Asia
|x Politics and government.
|9 14471
|
| 942 |
|
|
|2 ddc
|c BK
|
| 999 |
|
|
|c 35469
|d 35469
|
| 952 |
|
|
|0 0
|1 0
|2 ddc
|4 0
|6 320_954000000000000_PAR
|7 0
|9 55783
|a SCL
|b SCL
|c GEN
|d 2015-09-08
|g 300.00
|l 3
|o 320.954 PAR
|p 3020001053
|r 2024-02-04
|s 2024-02-03
|t 1
|w 2015-09-08
|y BK
|